Statistics for Georgia Tech Basketball Players

Click here to take the quiz!

General Stats

  • This quiz has been taken 22 times
  • The average score is 4 of 19

Answer Stats

HintAnswer% Correct
2003 PFChris Bosh
81%
2010 CDerrick Favors
43%
2005 PGJarrett Jack
38%
1991 PGKenny Anderson
38%
1996 PGStephon Marbury
38%
1990 SFDennis Scott
29%
1986 PGMark Price
24%
1998 SFMatt Harping
24%
1995 PGTravis Best
24%
1990 SFBrian Oliver
19%
1986 PFJohn Salley
19%
2011 SFThaddeus Young
14%
1996 SGDrew Barry
10%
1992 SGJon barry
10%
1989 PFTom Hammonds
10%
1999 SGDion Glover
5%
1992 CMatt Geiger
5%
2007 PGJarvis Chrittenton
0%
2005 PGWill Bynum
0%

Score Distribution

Percentile by Number Answered

Percent of People with Each Score

Your Score History

You have not taken this quiz